| 000 | 00627nam a2200217Ia 4500 | ||
|---|---|---|---|
| 005 | 20250310113131.0 | ||
| 008 | 131103s9999 xx 000 0 und d | ||
| 020 | _a8185618143 | ||
| 040 | _aLoreto College | ||
| 041 | _aEnglish | ||
| 082 |
_a954.02 _bRIC |
||
| 100 | _aRichards,John E. | ||
| 245 | 4 |
_aThe Mughal empire _cJohn E.Richards |
|
| 260 |
_aCambridge _bCambridge University Press _c1993 |
||
| 300 |
_axvi,320 p. _b maps,tables |
||
| 440 | _aThe New Cambridge History Of India | ||
| 504 | _aIncludes index,glossary and bibliographical references | ||
| 650 | _aMedieval History | ||
| 850 | _aLCLIB | ||
| 942 | _cBK | ||
| 999 |
_c9487 _d59966 |
||